【プロ野球】 2025年 東北楽天ゴールデンイーグルス 応援歌 - Statistics

General Stats
  • This quiz has been taken 62 times
    41 since last reset
  • The average score is 18 of 24
Answer Stats
応援歌 選手名 % Correct
紡ぐ想い背に いま理想の旅路(みち)を行く強く光輝く 未来へ駆け上がれ 宗山塁
94%
スタンドへ叩き込め 〇〇 燃え上がれ ここで燃え上がれ 〇〇打て 〇〇打て 叩き込め 浅村栄斗
94%
冴える一振りと 華麗なる守備は輝く君の軌跡 終わりなき道 村林一輝
94%
〇〇 勝利のために 熱い気持ち込めて東北の夢を 背負い戦うヒーロー 鈴木大地
94%
放つ光は 頂へ続く限りない夢を 叶えるんだ 〇〇〇〇 辰己涼介
94%
歓喜のスタンドへ 拳突き上げ我らとともに行くぞ 勝利の道へ 〇〇 〇〇 オー 〇〇 スピード上げて走れ グラウンド駆け抜けろ 小深田大翔
90%
果てなく続く 〇〇の道燃えさかる闘志 今ぶつけろ 太田光
87%
チャンスを掴め目指せ勝利 〇〇〇〇俊足巧打 守り抜け 魂込めて オオオ⋯オイ! 岡島豪郎
87%
ラララララー フィールドを 縦横無尽に駆け回れ勝利へ導く 強い一撃 さあ行こう 〇〇〇〇 山﨑剛
87%
みちのくへと 光をもたらす希望の道を行け 〇〇〇〇 阿部寿樹
84%
ラララ ラララ ラララ ラララーラ スピードを上げて 突っ走れ強く 鋭く 敵を突け さあ行け〇〇 希望の明日へ向かって 田中和基
84%
ここで〇〇 勝利の一打 オオオ⋯ オオオ⋯ 島内宏明
84%
夢を描け 栄光掴むとき今だ決めろ 〇〇!〇〇! 立ち向かえ 小郷裕哉
81%
振り抜け鋭く 気合いを込めて 飛ばせ空高く 〇〇〇〇 中島大輔
74%
瞳の闘志と 胸に宿す魂打て!〇〇! 飛ばせ彼方へ 伊藤裕季也
74%
一振りで威名が 轟き渡る悠遠と続く 我が道を行け 安田悠馬
71%
夢乗せて 放て鋭い一打打て!〇〇! 勝利のために 黒川史陽
68%
鋭く打て 〇〇 遠くへ かっとばせ輝け今 〇〇 努力に希望あれ 渡邊佳明
68%
ホームを守る男の 雄々しき姿己の信じる道 征けよ〇〇 堀内謙伍
58%
みなぎるパワー込め 豪弾翔ばせ我ら導く英雄 〇〇〇〇 石原彪
58%
ゴーゴーゴー イーグルス 杜の都の牛タンパワースタミナ満点 止められない ベニーランド
52%
輝く戦士 今だ飛び立とう その想いをひとつに 我らとこの時を 汎用テーマ
45%
東北の空へ羽ばたけ 狗鷲戦士よ
解き放て ここで打つんだ 男の意地にかけて 立ち上がれ 狗鷲戦士よ 勝利目指して
イモニレンジャー
35%
迷わずいざ進め 若鷲よ飛べ 巻き起こせ 新たな風を 汎用テーマ2
13%
No matching quizzes found
Score Distribution
Percent of People with Each Score
Percentile by Number Answered
Your Score History
You have not taken this quiz since the last reset